| 000 | 00805nam a22002297a 4500 | ||
|---|---|---|---|
| 999 |
_c162128 _d162128 |
||
| 005 | 20190813145952.0 | ||
| 010 | _a1819CHEN B-719238-258 | ||
| 020 |
_a9780241344279 _c299.00 |
||
| 035 | _aB-719238-258 | ||
| 035 | _aB-728581 | ||
| 037 | _bBlueberry | ||
| 082 | _aS | ||
| 100 | _aKinney, Jeff | ||
| 245 |
_aDiary of a wimpy kid: _cby Jeff Kinney _bthe getaway / |
||
| 260 |
_aLondon _bPuffin Books _c2018 |
||
| 270 |
_aPenguin Random House Children's 80 Strand _bLondon _eWC2R ORL |
||
| 300 |
_a217p.: _c20cm(pbk) _bill. |
||
| 500 | _aAirport | ||
| 942 |
_2ddc _cCH _mKIN _hS |
||